000 00663nam a2200241 a 4500
001 73490
003 BD-RjUL
005 20211209082413.0
008 170603s1962 nyua 001 0 eng d
035 _a(BD-RjUL)73708
035 _a(OCoLC)3199557
040 _aDLC
_cOC
_dDLC
_dBD-RjUL
_beng
041 _aeng
082 _223
_a621.381
_bPOE 1962
100 1 _aPollack, Harvey.
_9217443
245 1 0 _aExperimental electronics for young people /
_cHarvey Pollack
260 _aNew York :
_bJ.F. Rider,
_cc1962
300 _a128 p. :
_billu. ;
_c29 cm.
500 _aIncludes index
650 0 _aElectronics
_9217444
942 _2ddc
_cBK
999 _c73490
_d73490